000 00710 a2200205 4500
010 _aENG-85318
020 _a007061184X
_c299.00
035 _aEN-68851
037 _bD.B.Act / Pub
082 1 4 _a005.11
090 _c2048
_d2048
100 1 _aCruikshank, Jeffrey L.
245 1 _aThe apple way
_cby Jeffrey L. Cruikshank
_b12 management lessons from the worlds most innovative company
260 _aNew Delhi
_bTata Mcgrawhill Publishing
_c2007
270 _a7, West Patel Nagar
_bNew Delhi
_e110 008
300 _axviii, 206 p.
_c23 cm. (Pbk.)
500 _aIncludes index
942 _adpl
_cEN
_k005.11 / CRU
999 _c2014
_d2014